000 00434nam a2200181Ia 4500
001 3587
005 20260306145654.0
008 260306t1997||||xx |||||||||||||| ||spa||
041 _aESP
082 _a291.5
_bB45
100 _aBergson, Henry
_eAUT
245 0 _aLas dos fuentes de la moral y de la religión
260 _c1997
300 _a183 páginas :
_c22 cm.
650 _aGEN
654 _aCHU
942 _cLIB
_dJUS
_fJUS
_2ddc
_n
999 _c3587
_d3587